000 00746nam a2200253Ia 4500
003 OSt
005 20220918185058.0
006 a|||||r|||| 00| 0
007 ta
008 220917b |||||||| |||| 00| 0 eng d
024 _a49,498
037 _cTextual
040 _aARTS
_cARTS
_beng
041 _2eng
_aeng
082 _aP:4:(R1), L61 (MPhil)
100 _aBrame Michael K
_967714
245 0 _aConjectures and refutations in syntax and semantics
260 _aNew York
_bNorth-Holland
_c1976
300 _ax,160p.
_ccm.
490 _aStudies in linguistic analysis ed by Noam Chomsky , etc
650 _aLINGUISTICS
942 _hP:4:(R1), L61 (MPhil)
_cTEXL
_2CC
999 _c179120
_d179120